Fr. Conceicao Rodrigues College of Engineering

Group communication (Record no. 18049)

MARC details
000 -LEADER
fixed length control field 00328nam a2200157Ia 4500
082 ## - DEWEY DECIMAL CLASSIFICATION NUMBER
Item number DES
100 ## - MAIN ENTRY--PERSONAL NAME
Personal name Deshmukh/Sandeep
245 ## - TITLE STATEMENT
Title Group communication
260 ## - PUBLICATION, DISTRIBUTION, ETC.
Name of publisher, distributor, etc. Ane Books
366 ## - TRADE AVAILABILITY INFORMATION
Publishers's discount category 27
546 ## - LANGUAGE NOTE
Language note ENGLISH
-- TTL
650 ## - SUBJECT ADDED ENTRY--TOPICAL TERM
Topical term or geographic name entry element Communication Skill
654 ## - SUBJECT ADDED ENTRY--FACETED TOPICAL TERMS
Focus term group communication
942 ## - ADDED ENTRY ELEMENTS (KOHA)
Koha item type BOOK
Holdings
Withdrawn status Lost status Damaged status Not for loan Collection Home library Current library Date acquired Source of acquisition Cost, normal purchase price Inventory number Total Checkouts Full call number Barcode Date last seen Cost, replacement price Price effective from Koha item type
        CRC Fr. Agnel's C.Rodrigues College of Engineering Fr. Agnel's C.Rodrigues College of Engineering 17/03/2023 Allied Publisher 288.35 1236 dt 24.12.2015   DES 23922 17/03/2023 395.00   BOOK